000 00652nam a2200241Ia 4500
003 OSt
005 20220912151631.0
006 a|||||r|||| 00| 0
007 ta
008 220909b |||||||| |||| 00| 0 eng d
024 _a56155
037 _cReference Collections
040 _aCSL
_beng
_cCSL
041 _aeng
082 _aD65g, M8 RR
100 _aBrown Phil
245 0 _aElectronics and computer acronyms
260 _aLondon
_bButterworths
_c1988
300 _a272p.
_ccm.
650 _aElectronic computers
942 _hD65g, M8 RR
_cREF
_2CC
999 _c73102
_d73102